Jde to i s úsměvem
Saved in:
| Main Author | |
|---|---|
| Format | Electronic eBook |
| Language | Czech |
| Published |
Portál
2019
|
| Edition | 1. elektronické vydání |
| Subjects | |
| Online Access | Dostupné v BOOKPORT po přihlášení pomocí eduID |
| ISBN | 978-80-262-1454-0 978-80-262-1455-7 978-80-262-1437-3 |
| Physical Description | 1 online zdroj (160 stran) |
| LEADER | 00000nam a2200000 i 4500 | ||
|---|---|---|---|
| 001 | bkp257885549 | ||
| 003 | CZ-prgp | ||
| 005 | 20190205131353.0 | ||
| 006 | m o d | ||
| 007 | cr cn | ||
| 008 | 190205s2019 xr o 000 0 cze | ||
| 020 | |a 978-80-262-1454-0 |c 153 Kč |q (online ; pdf) | ||
| 020 | |a 978-80-262-1455-7 |c 153 Kč |q (online ; epub) | ||
| 020 | |a 978-80-262-1437-3 |c 199 Kč |q (print) | ||
| 040 | |a Grada |b cze |e rda | ||
| 100 | 1 | |a Karel, Nešpor | |
| 245 | 1 | 0 | |a Jde to i s úsměvem |c Nešpor Karel |
| 250 | |a 1. elektronické vydání | ||
| 264 | 1 | |b Portál |c 2019 | |
| 300 | |a 1 online zdroj (160 stran) | ||
| 336 | |a text |b txt |2 rdacontent | ||
| 337 | |a počítač |b c |2 rdamedia | ||
| 338 | |a online zdroj |b cr |2 rdacarrier | ||
| 520 | 3 | |a Špatné zvyky: Hoďte za hlavu špatné zvyky a nahraďte je dobrými. Nevhodnou společnost: Hoďte za hlavu špatnou společnost (i virtuální). Riziková prostředí: Hoďte za hlavu riziková prostředí. Na většinu lidí například nepůsobí dobře rušná nákupní centra, tlačenice a dlouhé cestování. Hloupá přání: Hoďte za hlavu hloupá přání a budete svobodnější. Soupeření: Hoďte za hlavu soupeření. Každý z nás je jedinečný, má vlastní životní úkol a poslání. Sebelítost: Hoďte za hlavu sebelítost. Působí jako mrak zakrývající dobré možnosti, které nabízí určitá životní situace. Ke zlepšení nálady toho někdy opravdu stačí málo. Osvědčenou metodou je čtení zábavných, poučných, terapeutických krátkých příběhů ze života, ať už se zakládají na pravdě či jsou autorovým zbožným přáním. Karel Nešpor tento (samozřejmě nealkoholický!) koktejl namíchal vskutku bravurně. Smích nám dělá zkrátka dobře, a tak toho využijeme. Kniha je doplněna užitečnou kapitolkou Jednoduché postupy, návody a techniky. MUDr. Karel Nešpor, CSc., je český psychiatr specializovaný na léčbu návykových nemocí, publicista a pedagog. V Portále vyšla řada jeho úspěšných knih, mj. Kudy do pohody, Jak být milejší nebo Střízlivě, většinou vesele. Američtí profesoři psychologie za pomoci těchto i jiných příkladů ukazují, jak funguje naše myšlení, jak se vyhnout sebeklamu a jak myslet jasně a kriticky. Jakoby mimochodem přitom vysvětlují řadů vědeckých pojmů a zajímavých skutečností. | |
| 650 | 0 | 4 | |a Psychologie pro každého |
| 856 | 4 | 0 | |u https://www.bookport.cz/AccountSaml/SignIn/?idp=https://shibboleth.utb.cz/idp/shibboleth&returnUrl=/kniha/jde-to-i-s-usmevem-4937/ |y Dostupné v BOOKPORT po přihlášení pomocí eduID |